Songs By Artist: Fleetwood Mac - Statistics

General Stats
  • This quiz has been taken 184 times
  • The average score is 10 of 18
Answer Stats
Answer % Correct
And if you don't love me now. You will never love me again. I can still hear you saying, we would never break {The Chain} (never break {The Chain})...
92%
I took my love, I took it down. I climbed a mountain and I turned around. And I saw my reflection in the snow-covered hills. 'Til the {Landslide} brought me down...
88%
Now here I go again, I see the crystal visions. I keep my visions to myself. It's only me who wants to wrap around your {Dreams}. And have you any {Dreams} you'd like to see? {Dreams} of loneliness...
88%
Loving you, isn't the right thing to do. How can I, ever change things that I feel. If I could, baby i'd give you my world. How can I, when you won't take it from me. (You can {Go Your Own Way}} {Go Your Own Way}. You can call it another lonely day...
85%
Close your, close your, close your eyes. No more broken hearts. We're better off apart, lets give it a try. Tell me, tell me, tell me lies... Tell me lies, tell me sweet {Little Lies}...
80%
Open your eyes and look at the day, you'll see things in a different way. {Don't Stop} thinking about tomorrow. {Don't Stop}, it'll soon be here. It'll be better than before. Yesterday's gone, yesterday's gone...
79%
{Rhiannon} rings like a bell through the night, and wouldn't you love to love her? Takes to the sky like a bird in flight, and who would be her lover?
78%
Come on baby, we better make a start. You better make it soon before you break my heart. Oh, I...I...I...I... I want to be with you {Everywhere}. Oh, I...I...I...I... I want to be with you {Everywhere} (Wanna be with you {Everywhere})...
69%
So I'm back to the velvet underground. Back to the floor that I love. To a room with some lace and paper flowers. Back to the {Gypsy} that I was do the {Gypsy} that I was...
63%
Said {Sara}, you're the poet in my heart. Never change. Never stop. But now it's gone, it doesn't matter what for...
55%
Just tell me that you want me (hiyee-ha)... {Tusk}... Just say that you want me...
52%
Been down one time. Been down two times. I'm {Never Going Back Again}. Mmmmmmhmmmm...
46%
You touched my hand, I played it cool, and you reached out your hand to me. But if our paths never cross, well, no I'm not sorry but, if I live to see the {Seven Wonders}, I'll make a path to the rainbow's end....
42%
'Cause when the loving starts, and the lights go down, and there's not another living soul around, Then you woo me until the sun comes up, and you {Say That You Love Me}...
41%
Got a {Black Magic Woman}... I got a {Black Magic Woman}... Yes, I got a {Black Magic Woman}... She's got me so blind I can't see...
27%
There's nobody in the future. So, baby, let me hand you my love. Oh, no step for you to dance to, so slip your hand inside my glove... {Hold Me}, {Hold Me}, {Hold Me}...
25%
But don't ask me what I think of you. I might not give the answer that you want me to... {Oh Well}...
21%
Because there's no explaining what your imagination, can make you see and feel. Seems like a dream, (They) got me {Hypnotized}...
12%
No matching quizzes found
Score Distribution
Percent of People with Each Score
Percentile by Number Answered
Your Score History
You have not taken this quiz